Efectos de la integración latinoamericana en el esquema de localización industrial (Registro nro. 16114)

Detalles MARC
000 -LEADER
fixed length control field 00379 a2200109 4500
001 - CONTROL NUMBER
control field ART_2987
005 - DATE AND TIME OF LATEST TRANSACTION
control field 20260410161711.0
008 - FIXED-LENGTH DATA ELEMENTS--GENERAL INFORMATION
fixed length control field 260409a
100 1# - MAIN ENTRY--PERSONAL NAME
Personal name Rofman, Alejandro B.
245 10 - TITLE STATEMENT
Title Efectos de la integración latinoamericana en el esquema de localización industrial
773 0# - HOST ITEM ENTRY
Title Desarrollo económico
Related parts - Vol. 10, Nº 38 (jul./sep. 1970)
Record control number REV1174

No hay ítems disponibles.